[Event "33rd Rubinstein Memorial"]
[Site "Polanica Zdroj POL"]
[Date "1996.08.??"]
[Round "1"]
[White "Hracek, Zbynek"]
[Black "Kempinski, Robert"]
[WhiteElo "2625"]
[BlackElo "2510"]
[Result "1/2-1/2"]
[EventDate "1996.08.14"]
[PlyCount "77"]
1. e4 c5 2. Nf3 d6 3. d4 cxd4 4. Nxd4 Nf6 5. Nc3 a6 6. Be3 e5 7. Nf3 Be7 8. Bc4 O-O 9. O-O Nc6 10. Bg5 Be6 11. Bb3 Na5 12. Bxf6 Bxf6 13. Nd5 Bg5 14. Qd3 Rc8 15. Rfd1 Kh8 16. Nc3 Be7 17. Nd5 Bg5 18. Kh1 Bh6 19. Nc3 Nxb3 20. axb3 Qb6 21. Kg1 Rc6 22. Nd2 f5 23. Qe2 Bxd2 24. Rxd2 f4 25. Nd5 Qd8 26. Rad1 Qg5 27. f3 Bxd5 28. Rxd5 Qe7 29. Qd2 Qc7 30. c3 Qb6+ 31. Qf2 Qxb3 32. Rxd6 h6 33. h4 Rxd6 34. Rxd6 Qf7 35. Qc5 Re8 36. Rb6 Qh5 37. Qf2 Qf7 38. Qd2 Qe7 39. Qd5 1/2-1/2

[Event "33rd Rubinstein Memorial"]
[Site "Polanica Zdroj POL"]
[Date "1996.08.??"]
[Round "2"]
[White "Beliavsky, Alexander G"]
[Black "Movsesian, Sergei"]
[WhiteElo "2620"]
[BlackElo "2635"]
[Result "1/2-1/2"]
[EventDate "1996.08.14"]
[PlyCount "61"]
1. d4 Nf6 2. c4 e6 3. Nc3 Bb4 4. e3 c5 5. Nge2 cxd4 6. exd4 O-O 7. a3 Be7 8. d5 exd5 9. cxd5 Re8 10. g3 Bc5 11. Bg2 d6 12. O-O a6 13. Bf4 Bg4 14. Qd2 Nbd7 15. b4 Ba7 16. Bxd6 Bxe2 17. Nxe2 Ng4 18. Rac1 Ne3 19. Rfe1 Nxg2 20. Kxg2 Nf6 21. Bc5 b6 22. Be3 Nxd5 23. Bd4 b5 24. Bxa7 Rxa7 25. Nd4 Rxe1 26. Rxe1 Nf6 27. Qf4 Rd7 28. Nf5 g6 29. Qg5 h5 30. h3 Nd5 31. Qxd8+ 1/2-1/2

[Event "33rd Rubinstein Memorial"]
[Site "Polanica Zdroj POL"]
[Date "1996.08.??"]
[Round "2"]
[White "Huebner, Robert"]
[Black "Markowski, Tomasz"]
[WhiteElo "2595"]
[BlackElo "2540"]
[Result "1-0"]
[EventDate "1996.08.14"]
[PlyCount "65"]
1. e4 d6 2. d4 Nf6 3. Nc3 g6 4. Nf3 Bg7 5. Be2 O-O 6. O-O c6 7. Re1 Nbd7 8. Bf4 Qb6 9. Rb1 Re8 10. e5 dxe5 11. Nxe5 Nxe5 12. dxe5 Rd8 13. Bd3 Nd5 14. Nxd5 cxd5 15. c3 Qc7 16. Qa4 Be6 17. Qd4 Rab8 18. a4 a6 19. Ra1 Qd7 20. h3 Rbc8 21. Be3 Bf5 22. Bf1 Bc2 23. Qf4 Bb3 24. Bd3 Qe6 25. Bd4 Qc6 26. e6 f6 27. h4 Rd6 28. Qg4 Rf8 29. h5 f5 30. Bxf5 Bxd4 31. cxd4 Rxf5 32. hxg6 Rf8 33. Qh5 1-0

[Event "33rd Rubinstein Memorial"]
[Site "Polanica Zdroj POL"]
[Date "1996.08.??"]
[Round "3"]
[White "Hracek, Zbynek"]
[Black "Rogers, Ian"]
[WhiteElo "2625"]
[BlackElo "2575"]
[Result "0-1"]
[EventDate "1996.08.14"]
[PlyCount "79"]
1. e4 c6 2. d4 d5 3. Nd2 dxe4 4. Nxe4 Bf5 5. Ng3 Bg6 6. h4 h6 7. Nf3 Nd7 8. h5 Bh7 9. Bd3 Ngf6 10. Bxh7 Nxh7 11. Qe2 e6 12. Bf4 Qa5+ 13. Bd2 Bb4 14. c3 Be7 15. a4 O-O 16. O-O Nhf6 17. b4 Qc7 18. Rfe1 a5 19. bxa5 Rxa5 20. c4 Raa8 21. c5 b6 22. cxb6 Qxb6 23. Ne5 Nxe5 24. dxe5 Nd5 25. a5 Qd4 26. Red1 Nc3 27. Bxc3 Qxc3 28. a6 Rfd8 29. Rxd8+ Bxd8 30. Rd1 Bc7 31. Rd7 Bxe5 32. Nf1 Bd4 33. Qd1 Bb6 34. Rb7 Qd4 35. Qf3 f5 36. Qg3 f4 37. Qg4 Qxf2+ 38. Kh2 Qg1+ 39. Kh3 Qd4 40. Nh2 0-1

[Event "33rd Rubinstein Memorial"]
[Site "Polanica Zdroj POL"]
[Date "1996.08.??"]
[Round "4"]
[White "Rogers, Ian"]
[Black "Kempinski, Robert"]
[WhiteElo "2575"]
[BlackElo "2510"]
[Result "0-1"]
[EventDate "1996.08.14"]
[PlyCount "60"]
1. e4 c5 2. f4 d6 3. Nf3 Nf6 4. Nc3 a6 5. d4 cxd4 6. Nxd4 e5 7. Nf3 Nbd7 8. a4 Be7 9. Bd3 exf4 10. O-O O-O 11. Kh1 Ne5 12. Bxf4 Qc7 13. Qd2 Be6 14. Nd4 Rad8 15. Rae1 Rfe8 16. Nf5 Bxf5 17. exf5 Nxd3 18. Qxd3 Qc6 19. Bg5 h6 20. Rxe7 hxg5 21. Rfe1 d5 22. h3 Rxe7 23. Rxe7 g4 24. Qd4 Re8 25. Rxe8+ Qxe8 26. hxg4 Qe1+ 27. Qg1 Qd2 28. Qd1 Qh6+ 29. Kg1 Qe3+ 30. Kf1 d4 0-1

[Event "33rd Rubinstein Memorial"]
[Site "Polanica Zdroj POL"]
[Date "1996.08.??"]
[Round "9"]
[White "Hracek, Zbynek"]
[Black "Oll, Lembit"]
[WhiteElo "2625"]
[BlackElo "2620"]
[Result "1-0"]
[EventDate "1996.08.14"]
[PlyCount "41"]
1. e4 c5 2. Nf3 d6 3. d4 Nf6 4. Nc3 cxd4 5. Nxd4 a6 6. Be3 e6 7. g4 e5 8. Nf5 g6 9. g5 gxf5 10. exf5 d5 11. gxf6 d4 12. Bc4 Qxf6 13. Nd5 Qc6 14. Bxd4 Bb4+ 15. c3 Qxc4 16. Be3 Bxf5 17. cxb4 Be4 18. Nf6+ Ke7 19. Qg4 Kxf6 20. Bg5+ Kg7 21. Be7+ 1-0

[Event "33rd Rubinstein Memorial"]
[Site "Polanica Zdroj POL"]
[Date "1996.08.??"]
[Round "11"]
[White "Rogers, Ian"]
[Black "Markowski, Tomasz"]
[WhiteElo "2575"]
[BlackElo "2540"]
[Result "1/2-1/2"]
[EventDate "1996.08.14"]
[PlyCount "69"]
1. d4 d6 2. e4 Nf6 3. Nc3 g6 4. Nf3 Bg7 5. Be2 O-O 6. O-O c6 7. Bf4 Nbd7 8. Qd2 Qa5 9. Bh6 e5 10. Bxg7 Kxg7 11. Rfe1 Re8 12. Bf1 Nf8 13. d5 cxd5 14. Nxd5 Qxd2 15. Nxd2 Nxd5 16. exd5 Bf5 17. Nc4 Rad8 18. c3 g5 19. a4 Ng6 20. a5 Bc8 21. a6 b6 22. Na3 f5 23. Bb5 Bd7 24. Bxd7 Rxd7 25. Nb5 h5 26. c4 Rc8 27. b3 g4 28. h3 Nh4 29. Kh2 Kf6 30. Rh1 Rg8 31. g3 Nf3+ 32. Kg2 Kg6 33. hxg4 hxg4 34. Rad1 Re8 35. Kf1 1/2-1/2